Dermatopathology Classification of Cutaneous Lesions /

Containing a wealth of updated basic information and high quality of  iconographic material, Dermatopathology can assist the microscopists in a practical way to approach and solve the diagnostic problems they may face in the field. At a time when esoteric clinical entities and analytic techni­ques c...

Full description

Bibliographic Details
Main Authors: Zappi, Eduardo (Author), Zappi, Eduardo A. (Author)
Corporate Author: SpringerLink (Online service)
Format: Electronic eBook
Language:English
Published: London : Springer London : Imprint: Springer, 2013.
Subjects:
Online Access:Full Text via HEAL-Link
LEADER 02614nam a22004455i 4500
001 978-1-4471-2894-6
003 DE-He213
005 20141109231218.0
007 cr nn 008mamaa
008 121029s2013 xxk| s |||| 0|eng d
020 |a 9781447128946  |9 978-1-4471-2894-6 
024 7 |a 10.1007/978-1-4471-2894-6  |2 doi 
040 |d GrThAP 
050 4 |a RL1-803 
072 7 |a MJK  |2 bicssc 
072 7 |a MED017000  |2 bisacsh 
082 0 4 |a 616.5  |2 23 
100 1 |a Zappi, Eduardo.  |e author. 
245 1 0 |a Dermatopathology  |h [electronic resource] :  |b Classification of Cutaneous Lesions /  |c by Eduardo Zappi, Eduardo A. Zappi. 
264 1 |a London :  |b Springer London :  |b Imprint: Springer,  |c 2013. 
300 |a XVI, 204 p.  |b online resource. 
336 |a text  |b txt  |2 rdacontent 
337 |a computer  |b c  |2 rdamedia 
338 |a online resource  |b cr  |2 rdacarrier 
347 |a text file  |b PDF  |2 rda 
505 0 |a Cutaneous Embryology -- Cutaneous Anatomy and Biochemistry -- Epidermis -- Basement Membrane Zone -- Hemidesmosome, Basement Membrane and Dermis -- Biochemistry of the Dermal Components of the Skin -- Hypodermis -- Cutaneous Adnexae -- Cutaneous Irrigation -- Cutaneous Innervation -- Classification -- Hereditary Lesions -- Malformative Lesions -- Inflammatory Lesions -- Proliferative Lesions -- Miscellaneous. 
520 |a Containing a wealth of updated basic information and high quality of  iconographic material, Dermatopathology can assist the microscopists in a practical way to approach and solve the diagnostic problems they may face in the field. At a time when esoteric clinical entities and analytic techni­ques come and go, there is a need for a solid, updated, down to earth and "bench oriented" text in the field of dermopathology. This text provides a handbook which may be more helpful than an encyclopedic, "board orien­ted" textbook. The senior author of this book has been successfully working for over thirty years in his capacity as director of a private dermatopathology laboratory. His experience and knowledge of the subject is reflected in this well-structured and clearly-written text. 
650 0 |a Medicine. 
650 0 |a Dermatology. 
650 0 |a Pathology. 
650 1 4 |a Medicine & Public Health. 
650 2 4 |a Dermatology. 
650 2 4 |a Pathology. 
700 1 |a Zappi, Eduardo A.  |e author. 
710 2 |a SpringerLink (Online service) 
773 0 |t Springer eBooks 
776 0 8 |i Printed edition:  |z 9781447128939 
856 4 0 |u http://dx.doi.org/10.1007/978-1-4471-2894-6  |z Full Text via HEAL-Link 
912 |a ZDB-2-SME 
950 |a Medicine (Springer-11650)